• 首页
  • 本馆介绍
  • 公告通知
  • 最新文献
  • 馆藏检索
  • 电子资源
  • 读者导购
  • 参考咨询
  • 我的图书馆
  • 登录
  • 详细信息显示
  • 放入我的书架
  • 预约/预借图书
  • 作者相关作品
  • 分类相关作品
  • 丛书相关作品
  • 出版社相关作品

书目信息

  • 表格格式
  • 工作单格式
  • 卡片格式
题名:
打倒“四人帮”,江山万代红
    
 
作者: 刘薇 词 ;李遇秋 曲
分册:  
出版信息: 北京   人民音乐出版社  1974.07
页数: 3页
开本: 26cm
丛书名:
单 册:
中图分类: J642.52
科图分类:
主题词: 音乐--作品--中国
电子资源:
ISBN:
000 00667nam0 2200229 45
001 0310271598
005 20031219104120.5
010    @dCNY0.09
091    @a3026.3382
100    @a20031027d1974 km y0chiy0120 ea
101 0  @achi
105    @a z 000yy
200 1  @a打倒“四人帮”,江山万代红@ADa Dao“Si Ren Bang”,Jiang Shan Wan Dai Hong@f刘薇词@FLiu Wei Ci@g李遇秋曲
210    @a北京@c人民音乐出版社@d1974.07
215    @a3页@d26cm
300    @a男女二重唱 钢琴伴奏
606 0  @a音乐@x作品@x中国
690    @aJ642.52@v3
701  0 @a刘薇@4词
702  0 @a李遇秋@ALi Yu Qiu@4曲
801    @aCN@bTSTC@c20031028
905    @dJ642.52@e5@f1@b2301@f2@b2303-304
    
    打倒“四人帮”,江山万代红/刘薇词/李遇秋曲.-北京:人民音乐出版社,1974.07
    3页;26cm
    男女二重唱 钢琴伴奏
    
    ISBN :CNY0.09
    
●
相关链接 在E读中查询图书 在五车中查询图书 在当当中查询图书 在豆瓣中查询图书


正题名:打倒"四人帮",江山万代红     索取号:J642.52/5         预约/预借

序号 登录号 条形码 馆藏地/架位号 状态 备注
1 0002301   001723273   密集书库/ [索取号:J642.52/5] 在馆    
2 0002303   001723237   密集书库/ [索取号:J642.52/5] 在馆    
3 0002304   001723246   密集书库/ [索取号:J642.52/5] 在馆    
唐山师范学院图书馆 欢迎您!
大连网信软件有限公司© 版权所有